[Event "Follosjakken Grand Prix Hurtig #2"]
[Site "Ski, Akershus NOR"]
[Date "2018.05.19"]
[Round "2"]
[White "Kroken, John Olav"]
[Black "Evensen, Per-Erik"]
[Result "1-0"]
[WhiteElo "1627"]
[BlackElo "1351"]
[PlyCount "67"]
[EventDate "2018.05.19"]

1. d4 Nf6 2. Bf4 e6 3. e3 d5 4. Nd2 c5 5. c3 Nc6 6. Ngf3 cxd4 7. exd4 Be7 8.
Bd3 O-O 9. Ne5 Qb6 10. Rb1 Bd7 11. g4 h6 12. h4 Nxe5 13. dxe5 Ne8 14. g5 hxg5
15. hxg5 g6 16. Qf3 Ng7 17. Qh3 Nh5 18. Be2 Kg7 19. Bxh5 Rh8 20. Qg2 Rxh5 21.
Rxh5 gxh5 22. Nb3 Bc5 23. Nxc5 Qxc5 24. Be3 Qc4 25. Qf3 Rh8 26. Qf6+ Kg8 27.
Qd8+ Kg7 28. Qxd7 Qe4 29. Rd1 h4 30. Kd2 h3 31. g6 Qxg6 32. Rh1 Qe4 33. Rh2
Qxe5 34. Bd4 1-0

[Event "Follosjakken Grand Prix Hurtig #2"]
[Site "Ski, Akershus NOR"]
[Date "2018.05.19"]
[Round "2"]
[White "Thorvaldsen, Petter"]
[Black "Steinkellner, Rudolf"]
[Result "0-1"]
[WhiteElo "1335"]
[BlackElo "1537"]
[PlyCount "48"]
[EventDate "2018.05.19"]

1. d4 d5 2. Nf3 e6 3. Bf4 Nf6 4. Nbd2 Bd6 5. Bxd6 Qxd6 6. b3 O-O 7. e3 Nbd7 8.
Bd3 e5 9. dxe5 Nxe5 10. Nxe5 Qxe5 11. Nf3 Qc3+ 12. Ke2 Bg4 13. Qd2 Qe5 14. h3
Bxf3+ 15. gxf3 Rad8 16. f4 Qh5+ 17. f3 Ne4 18. Qe1 Rfe8 19. Bxe4 dxe4 20. Qg3
exf3+ 21. Qxf3 Rd2+ 22. Kxd2 Qxf3 23. Rhf1 Qxe3+ 24. Kd1 Qe2+ 0-1

[Event "Follosjakken Grand Prix Hurtig #2"]
[Site "Ski, Akershus NOR"]
[Date "2018.05.19"]
[Round "2"]
[White "Kristiansen, Rune Harald"]
[Black "Gonzales, Francisco Silva"]
[Result "0-1"]
[WhiteElo "1818"]
[BlackElo "2074"]
[PlyCount "68"]
[EventDate "2018.05.19"]

1. d4 Nf6 2. c4 e6 3. Nf3 d5 4. Nc3 c6 5. Bg5 Nbd7 6. e3 Qa5 7. Bxf6 Nxf6 8.
Nd2 Bd6 9. Bd3 O-O 10. f4 g6 11. c5 Be7 12. g4 Qc7 13. g5 Nh5 14. Qf3 e5 15.
dxe5 Bxc5 16. Nb3 Bb4 17. a3 Be7 18. h4 a5 19. Ne2 c5 20. Nd2 c4 21. Bc2 Rd8
22. Ng3 Nxg3 23. Qxg3 d4 24. h5 d3 25. Bd1 Qc6 26. Bf3 Qb6 27. hxg6 fxg6 28.
Qh2 h5 29. gxh6 Kh7 30. Qg1 Bf5 31. e4 Bh4+ 32. Kd1 Qxb2 33. Rc1 c3 34. Rxc3
Qxc3 0-1

[Event "Follosjakken Grand Prix Hurtig #2"]
[Site "Ski, Akershus NOR"]
[Date "2018.05.19"]
[Round "3"]
[White "Løvåsen, Viktor Nygaard"]
[Black "Kroken, John Olav"]
[Result "1-0"]
[WhiteElo "1414"]
[BlackElo "1627"]
[PlyCount "151"]
[EventDate "2018.05.19"]

1. d4 d5 2. Nf3 Nf6 3. e3 Ne4 4. Bd3 f5 5. Nbd2 c6 6. c4 e6 7. O-O Be7 8. Ne5
O-O 9. a3 Nd7 10. Nxd7 Bxd7 11. f3 Nd6 12. c5 Nf7 13. e4 Nh6 14. exd5 exd5 15.
b4 Bg5 16. Nb3 Be8 17. Re1 Bg6 18. Bxg5 Qxg5 19. Qd2 Qf6 20. Re2 Rae8 21. Rae1
Rxe2 22. Rxe2 f4 23. Bxg6 Qxg6 24. Qc2 Qxc2 25. Rxc2 Re8 26. Kf2 Re3 27. Rb2
Nf5 28. Na5 Rxa3 29. Nxb7 Nxd4 30. Nd6 Kf8 31. Rd2 Nb3 32. Re2 g6 33. Re8+ Kg7
34. Re7+ Kf6 35. Rxh7 Ra2+ 36. Kg1 d4 37. Rf7+ Ke5 38. Re7+ Kd5 39. Rg7 d3 40.
Ne4 d2 41. Nxd2 Nxd2 42. Rxg6 Ra4 43. Rd6+ Kc4 44. Rxd2 Rxb4 45. Ra2 Kxc5 46.
Rxa7 Rb2 47. h4 Kd4 48. Ra4+ Ke3 49. Re4+ Kd3 50. Rxf4 c5 51. Rf8 c4 52. Rd8+
Ke3 53. Rc8 Kd3 54. h5 c3 55. h6 Rb7 56. Kf2 Rh7 57. Rd8+ Kc2 58. Rd6 Kb2 59.
Rb6+ Kc1 60. g4 c2 61. g5 Kd2 62. Rd6+ Kc3 63. Rc6+ Kd2 64. Kg3 c1=Q 65. Rxc1
Kxc1 66. Kg4 Kd2 67. Kh5 Rb7 68. f4 Ke3 69. g6 Rb1 70. g7 Rh1+ 71. Kg5 Ke4 72.
Kg6 Rg1+ 73. Kf7 Kxf4 74. g8=Q Rxg8 75. Kxg8 Kg5 76. h7 1-0

[Event "Follosjakken Grand Prix Hurtig #2"]
[Site "Ski, Akershus NOR"]
[Date "2018.05.19"]
[Round "3"]
[White "Steinkellner, Rudolf"]
[Black "Hestvik, Elias"]
[Result "1/2-1/2"]
[WhiteElo "1537"]
[BlackElo "1463"]
[PlyCount "74"]
[EventDate "2018.05.19"]

1. e4 e5 2. Bc4 Nf6 3. Nc3 Bc5 4. Nf3 Nc6 5. O-O d6 6. Na4 Bb6 7. Nxb6 axb6 8.
h3 Nxe4 9. d3 Nf6 10. Bg5 h6 11. Bh4 O-O 12. d4 exd4 13. Nxd4 Ne5 14. Bb3 Ng6
15. Bxf6 Qxf6 16. Nb5 Qd8 17. Re1 Bd7 18. Qd3 Bxb5 19. Qxb5 Ra5 20. Qd3 Qf6 21.
Rad1 Ne5 22. Qe4 Nc6 23. c3 Re5 24. Qc4 Rfe8 25. Rxe5 Rxe5 26. Bc2 Qe6 27. Qd3
Re1+ 28. Rxe1 Qxe1+ 29. Kh2 Qe5+ 30. Kg1 g6 31. Bb3 Kg7 32. Qf3 Qf6 33. Qd5 h5
34. Qe4 Qe5 35. Qf3 Qe1+ 36. Kh2 Ne5 37. Qf4 Qe2 1/2-1/2

[Event "Follosjakken Grand Prix Hurtig #2"]
[Site "Ski, Akershus NOR"]
[Date "2018.05.19"]
[Round "3"]
[White "Gonzales, Francisco Silva"]
[Black "Mirza, Raad"]
[Result "1-0"]
[WhiteElo "2074"]
[BlackElo "1920"]
[PlyCount "71"]
[EventDate "2018.05.19"]

1. d4 Nf6 2. c4 e6 3. Nc3 d5 4. Bg5 Be7 5. e3 O-O 6. Nf3 h6 7. Bh4 Nbd7 8. Bd3
c5 9. O-O cxd4 10. exd4 dxc4 11. Bxc4 b6 12. Qe2 Bb7 13. Rfd1 Rc8 14. Bb3 Nh5
15. Bg3 Nxg3 16. hxg3 Nf6 17. Ne5 Nd5 18. Ne4 Bf6 19. a3 Qe7 20. Bc2 Rc7 21.
Qd3 Ba6 22. Qd2 Rfc8 23. Bb3 Bb7 24. Qe2 Qd8 25. Qg4 Bg5 26. Qe2 Bf6 27. Ng4
Bg5 28. f4 Be7 29. Ne5 Nf6 30. Nc3 Nd5 31. Nb5 Ba6 32. a4 Nb4 33. Qh5 Bxb5 34.
Qxf7+ Kh7 35. Qg6+ Kg8 36. Bxe6+ 1-0

[Event "Follosjakken Grand Prix Hurtig #2"]
[Site "Ski, Akershus NOR"]
[Date "2018.05.19"]
[Round "4"]
[White "Hestvik, Elias"]
[Black "Løvåsen, Viktor Nygaard"]
[Result "1-0"]
[WhiteElo "1463"]
[BlackElo "1414"]
[PlyCount "101"]
[EventDate "2018.05.19"]

1. e4 e5 2. Nf3 Nc6 3. Nc3 d6 4. Bb5 Bg4 5. h3 Bxf3 6. Qxf3 Nf6 7. d3 Be7 8.
O-O O-O 9. Bxc6 bxc6 10. Be3 d5 11. exd5 cxd5 12. Bg5 c6 13. Rfe1 Nd7 14. Bxe7
Qxe7 15. Ne2 Qf6 16. Qxf6 Nxf6 17. Ng3 Rfe8 18. Re2 e4 19. dxe4 Kf8 20. Rae1
dxe4 21. Nxe4 Nxe4 22. Rxe4 a5 23. Rxe8+ Rxe8 24. Rxe8+ Kxe8 25. Kf1 Kd7 26.
Ke2 Kd6 27. Kd3 Kc5 28. a3 Kb5 29. b3 a4 30. c4+ Ka5 31. b4+ Kb6 32. Kd4 f6 33.
g3 g6 34. f3 h5 35. h4 g5 36. Ke4 c5 37. b5 Kc7 38. Kf5 gxh4 39. gxh4 Kd7 40.
Kxf6 Kd6 41. f4 Kd7 42. f5 Kd6 43. Kg7 Ke5 44. f6 Kd4 45. f7 Kxc4 46. b6 Kb3
47. f8=Q Kxa3 48. Qxc5+ Ka2 49. b7 a3 50. b8=Q Ka1 51. Qxa3# 1-0

[Event "Follosjakken Grand Prix Hurtig #2"]
[Site "Ski, Akershus NOR"]
[Date "2018.05.19"]
[Round "4"]
[White "Westrum, Kim Roger Hansen"]
[Black "Steinkellner, Rudolf"]
[Result "1-0"]
[WhiteElo "1395"]
[BlackElo "1537"]
[PlyCount "113"]
[EventDate "2018.05.19"]

1. d4 d5 2. Bf4 e6 3. Nf3 Nf6 4. e3 Bd6 5. Bxd6 Qxd6 6. Bd3 Nbd7 7. Nbd2 O-O 8.
O-O e5 9. dxe5 Nxe5 10. Nxe5 Qxe5 11. Rb1 c6 12. Nf3 Qh5 13. h3 Ne4 14. Bxe4
dxe4 15. Nd4 Qg6 16. Kh1 Be6 17. Nxe6 Qxe6 18. b3 Rfd8 19. Qe2 Rd7 20. Rfd1
Rad8 21. Rxd7 Rxd7 22. Rd1 Kf8 23. Rxd7 Qxd7 24. Kh2 h6 25. f3 exf3 26. gxf3
Qd6+ 27. Kg2 Ke7 28. Qd3 Qxd3 29. cxd3 c5 30. f4 Ke6 31. e4 b5 32. Kf3 f6 33.
h4 h5 34. Ke3 Kd6 35. d4 cxd4+ 36. Kxd4 a6 37. e5+ Ke6 38. exf6 gxf6 39. Ke4
f5+ 40. Kd4 Kd6 41. b4 Kc6 42. Ke5 a5 43. bxa5 b4 44. Kxf5 Kb5 45. Ke4 Kxa5 46.
f5 Ka4 47. f6 Ka3 48. f7 Kxa2 49. f8=Q b3 50. Kf5 b2 51. Qb4 Ka1 52. Kg5 b1=Q
53. Qxb1+ Kxb1 54. Kxh5 Kc2 55. Kg6 Kd3 56. h5 Ke4 57. h6 1-0

[Event "Follosjakken Grand Prix Hurtig #2"]
[Site "Ski, Akershus NOR"]
[Date "2018.05.19"]
[Round "5"]
[White "Olsen, William Alexander"]
[Black "Hestvik, Elias"]
[Result "1/2-1/2"]
[WhiteElo "1509"]
[BlackElo "1463"]
[PlyCount "50"]
[EventDate "2018.05.19"]

1. d4 d5 2. c4 c6 3. Nf3 Nf6 4. Nc3 e6 5. e3 Bd6 6. Be2 Nbd7 7. O-O O-O 8. Re1
Re8 9. Qb3 Qb6 10. cxd5 Qxb3 11. axb3 exd5 12. Bd2 Nb6 13. Bd3 Bg4 14. Nh4 Bh5
15. Nf5 Bc7 16. Rec1 Bg6 17. Bb1 Nc8 18. f3 Nd6 19. Nxd6 Bxd6 20. Bxg6 hxg6 21.
Na4 Nd7 22. b4 Nb6 23. Nxb6 axb6 24. g3 f5 25. Kf2 Kf7 1/2-1/2

[Event "Follosjakken Grand Prix Hurtig #2"]
[Site "Ski, Akershus NOR"]
[Date "2018.05.19"]
[Round "5"]
[White "Omland, Harald"]
[Black "Westrum, Kim Roger Hansen"]
[Result "0-1"]
[WhiteElo "1463"]
[BlackElo "1395"]
[PlyCount "52"]
[EventDate "2018.05.19"]

1. f4 d5 2. Nf3 Nf6 3. e3 e6 4. Be2 c5 5. O-O Nc6 6. Nc3 Be7 7. b3 O-O 8. Bb2
a6 9. Qe1 Ne4 10. Nxe4 dxe4 11. Qg3 f6 12. Ne1 Bd6 13. d3 exd3 14. Bxd3 e5 15.
Qh4 g6 16. f5 g5 17. Qh6 Qe7 18. Bc4+ Kh8 19. Rd1 b5 20. Bd5 Bd7 21. Rf3 Rac8
22. a3 Bc7 23. Nd3 Bd8 24. g4 e4 25. Bxe4 Qxe4 26. Rh3 Qxg4+ 0-1

[Event "Follosjakken Grand Prix Hurtig #2"]
[Site "Ski, Akershus NOR"]
[Date "2018.05.19"]
[Round "5"]
[White "Gonzales, Francisco Silva"]
[Black "Støre, Trond"]
[Result "1-0"]
[WhiteElo "2074"]
[BlackElo "2070"]
[PlyCount "51"]
[EventDate "2018.05.19"]

1. d4 Nf6 2. c4 g6 3. Nc3 d5 4. Bf4 Bg7 5. Nf3 c5 6. dxc5 Qa5 7. cxd5 Nxd5 8.
Qxd5 Bxc3+ 9. Bd2 Bxd2+ 10. Qxd2 Qc7 11. e4 O-O 12. Rc1 Nd7 13. Qc3 Nf6 14. Bd3
Rd8 15. O-O a5 16. Rfe1 Bg4 17. Ne5 Be6 18. f4 a4 19. a3 Rac8 20. Bb5 Bb3 21.
f5 Qb8 22. Kh1 Rc7 23. Bc4 e6 24. Bxb3 axb3 25. fxe6 fxe6 26. Nxg6 1-0

[Event "Follosjakken Grand Prix Hurtig #2"]
[Site "Ski, Akershus NOR"]
[Date "2018.05.19"]
[Round "6"]
[White "Westrum, Kim Roger Hansen"]
[Black "Olsen, William Alexander"]
[Result "1-0"]
[WhiteElo "1395"]
[BlackElo "1509"]
[PlyCount "91"]
[EventDate "2018.05.19"]

1. d4 Nf6 2. Bf4 g6 3. Nf3 Bg7 4. e3 d6 5. h3 c6 6. c3 O-O 7. Bd3 Qb6 8. Qc2
Be6 9. Nbd2 Nd5 10. Bg3 Na6 11. O-O Rac8 12. Nc4 Qd8 13. Qe2 b5 14. Ncd2 Nb6
15. b3 Nc7 16. e4 a5 17. a4 bxa4 18. bxa4 Ne8 19. Rfb1 c5 20. Rb5 cxd4 21. cxd4
Ra8 22. Nc4 Nxc4 23. Bxc4 Bd7 24. Rb3 Rb8 25. Qb2 Rxb3 26. Qxb3 e6 27. Bb5 Qb6
28. Rb1 Bxb5 29. Qxb5 Qa7 30. Qb6 Qa8 31. e5 dxe5 32. Nxe5 Qe4 33. Nd7 Bxd4 34.
Qb8 Qc6 35. Nxf8 Kxf8 36. Qb5 Qc2 37. Qb3 Qc5 38. Qa2 Bc3 39. Qc2 Qd4 40. Rb3
Bb4 41. Rd3 Qe4 42. Qb3 Qc6 43. Qb2 Kg8 44. Be5 Qxa4 45. Rd4 Qb5 46. Bd6 1-0

[Event "Follosjakken Grand Prix Hurtig #2"]
[Site "Ski, Akershus NOR"]
[Date "2018.05.19"]
[Round "6"]
[White "Kroken, John Olav"]
[Black "Hestvik, Elias"]
[Result "1-0"]
[WhiteElo "1627"]
[BlackElo "1463"]
[PlyCount "84"]
[EventDate "2018.05.19"]

1. d4 d5 2. Bf4 Nf6 3. e3 Bf5 4. c3 e6 5. Qb3 b6 6. Nf3 Bd6 7. Bg3 O-O 8. Nbd2
h6 9. Ne5 c5 10. Bh4 Nbd7 11. f4 cxd4 12. exd4 Qc7 13. Be2 Be7 14. Bg3 Ne4 15.
Nxe4 Bxe4 16. O-O Bf5 17. Qb5 Nf6 18. Rac1 Ne4 19. c4 Nxg3 20. hxg3 dxc4 21.
Rxc4 Qd6 22. Rfc1 a6 23. Qd7 Rfd8 24. Qxd6 Bxd6 25. Bf3 Bxe5 26. Bxa8 Bxd4+ 27.
Kh2 Bxb2 28. Rc8 Rxc8 29. Rxc8+ Kh7 30. Bb7 a5 31. Ba6 Bd4 32. Rc7 f6 33. Bc4
e5 34. fxe5 Bxe5 35. Rb7 Bd4 36. Bb3 Bc5 37. Bd1 Be6 38. a4 Bf5 39. g4 Bd3 40.
Kg3 Be4 41. Rd7 Bc6 42. Rd8 Be4 1-0

[Event "Follosjakken Grand Prix Hurtig #2"]
[Site "Ski, Akershus NOR"]
[Date "2018.05.19"]
[Round "6"]
[White "Mirza, Raad"]
[Black "Kvendseth, Thyra"]
[Result "0-1"]
[WhiteElo "1920"]
[BlackElo "1724"]
[PlyCount "50"]
[EventDate "2018.05.19"]

1. e4 e5 2. Nf3 Nc6 3. Bc4 Bc5 4. O-O Nf6 5. d4 Bxd4 6. Nxd4 Nxd4 7. f4 d6 8.
fxe5 dxe5 9. Bg5 Be6 10. Bxe6 Nxe6 11. Qxd8+ Rxd8 12. Bxf6 gxf6 13. Rxf6 Nf4
14. Nc3 Rd2 15. g3 Nh3+ 16. Kh1 Rxc2 17. Raf1 Rf8 18. Nd5 Kd8 19. Rxf7 Nf2+ 20.
R1xf2 Rxf2 21. Rxc7 Rxb2 22. Kg1 h6 23. Re7 Rff2 24. Rxe5 Rg2+ 25. Kh1 Rgc2 0-1

[Event "Follosjakken Grand Prix Hurtig #3"]
[Site "Ski, Akershus NOR"]
[Date "2018.09.08"]
[Round "1"]
[White "Onstad, Lars"]
[Black "Devereaux, Maxim"]
[Result "0-1"]
[WhiteElo "1803"]
[BlackElo "2292"]
[PlyCount "44"]
[EventDate "2018.09.08"]

1. d4 Nf6 2. c4 e6 3. Nf3 d5 4. e3 Be7 5. Nc3 O-O 6. Bd3 a6 7. O-O dxc4 8. Bxc4
b5 9. Bd3 Bb7 10. a3 c5 11. Re1 Nbd7 12. Qe2 Qb6 13. h3 Rfd8 14. Bd2 Bxf3 15.
Qxf3 cxd4 16. exd4 Qxd4 17. Ne2 Qd5 18. Qxd5 Nxd5 19. Be4 Nc5 20. Bxd5 Rxd5 21.
Bb4 Bf6 22. Rac1 Nd3 0-1

[Event "Follosjakken Grand Prix Hurtig #3"]
[Site "Ski, Akershus NOR"]
[Date "2018.09.08"]
[Round "1"]
[White "Hobber, Anders"]
[Black "Digernes, Magnus"]
[Result "1-0"]
[WhiteElo "2320"]
[BlackElo "1812"]
[PlyCount "83"]
[EventDate "2018.09.08"]

1. Nf3 Nf6 2. g3 g6 3. d4 Bg7 4. Bg2 d6 5. O-O O-O 6. b3 c6 7. Bb2 Qa5 8. Nbd2
Na6 9. e4 Qh5 10. e5 dxe5 11. dxe5 Nd5 12. Qe2 Bh3 13. c4 Ndc7 14. Ne4 Bxg2 15.
Kxg2 Ne6 16. h3 Rae8 17. Qd2 Qf5 18. Qe3 b6 19. Rad1 Nac5 20. Nxc5 Nxc5 21. Rd2
Rd8 22. Rfd1 Rxd2 23. Rxd2 h5 24. Ba3 Nd7 25. e6 Nc5 26. Bxc5 bxc5 27. exf7+
Rxf7 28. Re2 Bh6 29. Qe4 Qxe4 30. Rxe4 Kf8 31. Ne5 Rf6 32. Nd7+ Kf7 33. Nxf6
exf6 34. f4 Bf8 35. Kf3 Bd6 36. Re2 Be7 37. g4 hxg4+ 38. hxg4 Bd6 39. Ke4 Ke7
40. Rh2 g5 41. Rh7+ Ke6 42. f5# 1-0

[Event "Follosjakken Grand Prix Hurtig #3"]
[Site "Ski, Akershus NOR"]
[Date "2018.09.08"]
[Round "1"]
[White "Pedersen, Ole Petter"]
[Black "Digernes, Mikael"]
[Result "0-1"]
[WhiteElo "1534"]
[BlackElo "1332"]
[PlyCount "142"]
[EventDate "2018.09.08"]

1. d4 Nf6 2. c4 g6 3. Nc3 Bg7 4. e4 d6 5. Be2 Nbd7 6. Nf3 O-O 7. O-O c5 8. d5
Qb6 9. Qc2 a6 10. Bg5 Qc7 11. a4 Re8 12. Rfd1 a5 13. Nb5 Qd8 14. Bd3 Nb6 15. h3
Bd7 16. Re1 Bxb5 17. axb5 Nbd7 18. Rad1 Nh5 19. b3 Ne5 20. Nxe5 Bxe5 21. Bc1
Qd7 22. Bb2 Bxb2 23. Qxb2 a4 24. bxa4 Rxa4 25. Ra1 Rea8 26. Rxa4 Rxa4 27. Ra1
Rxa1+ 28. Qxa1 Qc8 29. e5 Nf4 30. Bf1 Qb8 31. exd6 exd6 32. Qf6 Nh5 33. Qe7 Kg7
34. Be2 Nf6 35. Kh2 Qe8 36. Qxe8 Nxe8 37. Kg3 f5 38. Kf4 Kf6 39. h4 h6 40. g4
g5+ 41. hxg5+ hxg5+ 42. Kg3 f4+ 43. Kf3 Ng7 44. b6 Ke5 45. Bd3 Kd4 46. Ke2 Ne8
47. Bf5 Kxc4 48. Bc8 Nf6 49. Bxb7 Kb5 50. f3 Kxb6 51. Bc8 Nxd5 52. Be6 Nb4 53.
Kd2 d5 54. Kc3 Kb5 55. Bd7+ Nc6 56. Kb3 Kb6 57. Ka4 d4 58. Be6 d3 59. Kb3 Ne5
60. Kc3 Kb5 61. Bd5 c4 62. Bg8 Ka4 63. Be6 Ka3 64. Bc8 Ka2 65. Ba6 Kb1 66. Bb5
Kc1 67. Ba4 Nxf3 68. Kxc4 d2 69. Kd3 d1=Q+ 70. Bxd1 Kxd1 71. Ke4 Nh2 0-1

[Event "Follosjakken Grand Prix Hurtig #3"]
[Site "Ski, Akershus NOR"]
[Date "2018.09.08"]
[Round "1"]
[White "Pedersen, Helge F"]
[Black "Westrum, Kim Roger Hansen"]
[Result "0-1"]
[WhiteElo "1315"]
[BlackElo "1519"]
[PlyCount "101"]
[EventDate "2018.09.08"]

1. e4 e6 2. d4 d5 3. e5 c5 4. c3 Nc6 5. Nf3 Qb6 6. Bd3 Bd7 7. dxc5 Bxc5 8. O-O
Qc7 9. Qe2 Nge7 10. Be3 Bb6 11. Bxb6 Qxb6 12. b3 d4 13. cxd4 Nxd4 14. Nxd4 Qxd4
15. Nd2 Nd5 16. Nf3 Qb4 17. Rac1 Nf4 18. Qe4 Qxe4 19. Bxe4 Ne2+ 20. Kh1 Nxc1
21. Rxc1 Rc8 22. Re1 Bc6 23. Bxc6+ Rxc6 24. Nd4 Rc5 25. h3 O-O 26. g4 Rd8 27.
Re4 Rcd5 28. Nf3 Rd3 29. Kg2 Rc3 30. Nd4 a6 31. a4 Rd3 32. Nc2 Rxb3 33. Ne3 a5
34. Rc4 Kf8 35. Rc7 Rd4 36. Rc5 Rxa4 37. Rc8+ Ke7 38. Nc4 Rc3 39. Rc7+ Kd8 40.
Rxb7 Raxc4 41. Rxf7 Rc7 42. Rf8+ Kd7 43. Rf4 R3c4 44. Rf3 a4 45. Rd3+ Ke7 46.
Re3 Ra7 47. Ra3 Rb4 48. Rc3 a3 49. Rc1 a2 50. Re1 Rb1 51. Rc1 0-1

[Event "Follosjakken Grand Prix Hurtig #3"]
[Site "Ski, Akershus NOR"]
[Date "2018.09.08"]
[Round "3"]
[White "Hobber, Anders"]
[Black "Abdrlauf, Elham"]
[Result "1/2-1/2"]
[WhiteElo "2320"]
[BlackElo "2103"]
[PlyCount "61"]
[EventDate "2018.09.08"]

1. d4 d6 2. Nf3 Nf6 3. g3 g6 4. Bg2 Bg7 5. O-O O-O 6. b3 c5 7. c4 Nc6 8. Bb2
Ne4 9. e3 cxd4 10. Nxd4 Nxd4 11. Bxd4 Nf6 12. Bb2 Qc7 13. Nc3 a6 14. Rc1 Bd7
15. Qd2 Rab8 16. Nd5 Nxd5 17. cxd5 Qb6 18. Bxg7 Kxg7 19. Qc3+ Kg8 20. Qc7 Qxc7
21. Rxc7 Rfd8 22. Rfc1 Rdc8 23. R1c4 b5 24. Rxc8+ Rxc8 25. Rxc8+ Bxc8 26. b4 f5
27. f4 Kg7 28. Kf2 Bb7 29. Ke2 Kf6 30. Kd3 e5 31. Kc3 1/2-1/2

[Event "Follosjakken Grand Prix Hurtig #3"]
[Site "Ski, Akershus NOR"]
[Date "2018.09.08"]
[Round "3"]
[White "Pronstad, Thomas"]
[Black "Devereaux, Maxim"]
[Result "0-1"]
[WhiteElo "1874"]
[BlackElo "2292"]
[PlyCount "97"]
[EventDate "2018.09.08"]

1. Nf3 Nf6 2. c4 e6 3. d4 d5 4. Nc3 Be7 5. Bg5 h6 6. Bh4 O-O 7. e3 b6 8. cxd5
exd5 9. Bd3 Bb7 10. O-O Nbd7 11. Rc1 a6 12. Bg3 c5 13. b3 Re8 14. Re1 Ne4 15.
Ne2 Rc8 16. Be5 Nxe5 17. Nxe5 cxd4 18. exd4 Bb4 19. Rf1 Qd6 20. Bxe4 dxe4 21.
Nc4 Qf6 22. Ne3 Qg5 23. Ng3 g6 24. Qg4 Qxg4 25. Nxg4 Kg7 26. Ne5 Bc3 27. Ne2
Bxd4 28. Nxd4 Rxe5 29. Rxc8 Bxc8 30. Rc1 Bd7 31. Kf1 Rd5 32. Rd1 Kf6 33. Ke2
Bg4+ 34. f3 exf3+ 35. gxf3 Bd7 36. Ke3 Re5+ 37. Kf2 Rh5 38. Kg3 Rd5 39. Kf4 a5
40. Rd2 b5 41. Ke4 Re5+ 42. Kf4 b4 43. Kg3 Rd5 44. Kf4 g5+ 45. Ke4 Re5+ 46. Kd3
Re1 47. Rc2 Ra1 48. Nc6 Bf5+ 49. Kd4 0-1

[Event "Follosjakken Grand Prix Hurtig #3"]
[Site "Ski, Akershus NOR"]
[Date "2018.09.08"]
[Round "3"]
[White "Mella, Aage"]
[Black "Westrum, Kim Roger Hansen"]
[Result "1/2-1/2"]
[WhiteElo "1459"]
[BlackElo "1519"]
[PlyCount "83"]
[EventDate "2018.09.08"]

1. c4 Nf6 2. Nf3 e6 3. g3 c5 4. Bg2 Nc6 5. O-O Be7 6. b3 O-O 7. Bb2 b6 8. d4
Bb7 9. d5 exd5 10. cxd5 Nb4 11. d6 Bxd6 12. Qxd6 Nc2 13. Bxf6 Qxf6 14. Qxf6
gxf6 15. Nbd2 Nxa1 16. Rxa1 d5 17. Nh4 Rfe8 18. e3 Rad8 19. Ndf3 d4 20. exd4
cxd4 21. Rd1 d3 22. Nd2 Ba6 23. Nf5 Re5 24. Ne3 Rc5 25. Be4 Rd4 26. Kg2 Rc2 27.
Nxc2 dxc2 28. Bxc2 Be2 29. Rc1 Rxd2 30. a3 Bd3 31. Bxd3 Rxd3 32. Rc7 a5 33. Rc6
Rxb3 34. Rxf6 b5 35. Rb6 Rxa3 36. Rxb5 Ra1 37. h4 a4 38. Ra5 a3 39. h5 h6 40.
Ra6 a2 41. Kh2 Kg7 42. Kg2 1/2-1/2

[Event "Follosjakken Grand Prix Hurtig #3"]
[Site "Ski, Akershus NOR"]
[Date "2018.09.08"]
[Round "3"]
[White "Wasa-Schrader, Adam"]
[Black "Solaas, Timian Martinius M"]
[Result "0-1"]
[WhiteElo "1347"]
[BlackElo "1511"]
[PlyCount "118"]
[EventDate "2018.09.08"]

1. d4 Nf6 2. c4 g6 3. Bg5 d6 4. Nc3 Bg7 5. Nf3 O-O 6. e3 h6 7. Bxf6 exf6 8. Be2
f5 9. O-O b6 10. Qd2 Bb7 11. Rfd1 Re8 12. c5 dxc5 13. dxc5 Nc6 14. cxb6 axb6
15. Bb5 Qxd2 16. Rxd2 Red8 17. Rad1 Rxd2 18. Rxd2 Rd8 19. Rxd8+ Nxd8 20. Kf1
Ne6 21. Bc4 Nc5 22. Nd2 Bxc3 23. bxc3 Na4 24. Nb1 Be4 25. Nd2 Nxc3 26. Nxe4
fxe4 27. a3 Kf8 28. Ke1 Ke7 29. h3 g5 30. Bb3 b5 31. f3 exf3 32. gxf3 f5 33.
Kf2 f4 34. exf4 gxf4 35. Kg2 Kd6 36. h4 Nb1 37. a4 b4 38. Kh3 h5 39. Bf7 c5 40.
a5 Na3 41. a6 Kc7 42. Bd5 Kb6 43. Bf7 c4 44. Bxh5 b3 45. Bf7 b2 46. Bg6 b1=Q
47. Bxb1 Nxb1 48. h5 Nd2 49. h6 Nxf3 50. h7 Ng5+ 51. Kg4 Nxh7 52. Kxf4 Kxa6 53.
Ke3 Kb5 54. Kd2 Kb4 55. Kc2 c3 56. Kc1 Kb3 57. Kb1 c2+ 58. Kc1 Nf8 59. Kd2 Kb2
0-1

[Event "Follosjakken Grand Prix Hurtig #3"]
[Site "Ski, Akershus NOR"]
[Date "2018.09.08"]
[Round "4"]
[White "Devereaux, Maxim"]
[Black "Hobber, Anders"]
[Result "1/2-1/2"]
[WhiteElo "2292"]
[BlackElo "2320"]
[PlyCount "192"]
[EventDate "2018.09.08"]

1. Nf3 d5 2. b3 Bg4 3. Bb2 Bxf3 4. exf3 e6 5. g3 Nf6 6. Bg2 g6 7. Qe2 c6 8. d3
Bg7 9. Nd2 O-O 10. f4 a5 11. h4 a4 12. O-O a3 13. Be5 Nfd7 14. Bxg7 Kxg7 15. h5
Qf6 16. Rfe1 Qc3 17. Nf3 Na6 18. d4 Nb4 19. Rec1 c5 20. Ne5 Nf6 21. dxc5 Nxh5
22. Nd3 Nc6 23. Qe1 Qxe1+ 24. Rxe1 Nf6 25. b4 Rfc8 26. c3 Nd7 27. Rab1 b6 28.
b5 Na5 29. c6 Nc5 30. Ne5 Ra7 31. Bf1 f6 32. Nf3 Kf7 33. Nd4 Re7 34. Rbc1 e5
35. fxe5 fxe5 36. Nf3 Kf6 37. Nd2 e4 38. Re3 Rd8 39. Rce1 h5 40. Bh3 Rd6 41. f3
Nc4 42. Nxc4 dxc4 43. fxe4 Ke5 44. Rf1 Rd2 45. Rf2 Rd1+ 46. Kh2 Nd3 47. Rc2 g5
48. Bd7 Kd6 49. Kg2 Ne1+ 50. Rxe1 Rxe1 51. Bf5 Rd1 52. Kf3 Kc7 53. Rh2 Rd3+ 54.
Ke2 Rxc3 55. Rxh5 Rxg3 56. Rh8 Rg2+ 57. Ke3 Rxa2 58. Kd4 Rd2+ 59. Kc3 a2 60.
Ra8 Re2 61. Kxc4 g4 62. Ra7+ Kd6 63. e5+ R2xe5 64. Bd7 Rc5+ 65. Kb3 Rxb5+ 66.
Kxa2 Ra5+ 67. Rxa5 bxa5 68. Bxg4 Kxc6 69. Bd1 Kb5 70. Bb3 Kb4 71. Bg8 Rg7 72.
Be6 Rg2+ 73. Kb1 Kc3 74. Bf7 Rf2 75. Bg8 Kb4 76. Be6 Ka3 77. Bg8 Rf1+ 78. Kc2
a4 79. Be6 Re1 80. Bf7 Rg1 81. Be6 Rg3 82. Kb1 Rc3 83. Bf7 Kb4 84. Bg8 a3 85.
Ka2 Rc2+ 86. Ka1 Rf2 87. Be6 Re2 88. Bf7 Kc3 89. Bg8 Re1+ 90. Ka2 Rg1 91. Bf7
Rg2+ 92. Ka1 a2 93. Bxa2 Kc2 94. Bb1+ Kc1 95. Ba2 Rf2 96. Bg8 Rf4 1/2-1/2

[Event "Follosjakken Grand Prix Hurtig #3"]
[Site "Ski, Akershus NOR"]
[Date "2018.09.08"]
[Round "4"]
[White "Abdrlauf, Elham"]
[Black "Andersen, Lars Even"]
[Result "1-0"]
[WhiteElo "2320"]
[BlackElo "2256"]
[PlyCount "81"]
[EventDate "2018.09.08"]

1. e4 e5 2. Nf3 Nf6 3. Nc3 Nc6 4. Bc4 Bc5 5. O-O d6 6. h3 h6 7. a3 g5 8. b4 Bb6
9. b5 Na5 10. Be2 g4 11. hxg4 Bxg4 12. Nh4 Nxe4 13. Nxe4 Bxe2 14. Qxe2 Qxh4 15.
d3 f5 16. Qh5+ Qxh5 17. Nf6+ Kf7 18. Nxh5 f4 19. Kh2 Rhg8 20. Kh3 Rg6 21. g4
Bd4 22. Rb1 b6 23. Bd2 Nb7 24. a4 a6 25. Rbe1 axb5 26. c3 Bc5 27. d4 exd4 28.
cxd4 Bxd4 29. Nxf4 Rgg8 30. axb5 Be5 31. Nd5 Ra3+ 32. Re3 Rxe3+ 33. Bxe3 Rc8
34. f4 Bg7 35. f5 Nc5 36. Re1 Nd3 37. Rd1 Ne5 38. Rc1 c6 39. Nxb6 Rb8 40. bxc6
Rxb6 41. Bxb6 1-0